[Event "Zalakaros op 23rd"]
[Site "Zalakaros"]
[Date "2004.05.21"]
[Round "8"]
[White "Marton, Istvan"]
[Black "Istvanovszky, Martin"]
[Result "1/2-1/2"]
[WhiteElo "2096"]
[BlackElo "2000"]
[PlyCount "157"]
[EventDate "2004.05.14"]
[EventType "swiss"]
[EventRounds "9"]
[EventCountry "HUN"]
[SourceTitle "EXT 2008"]
[Source "ChessBase"]
[SourceDate "2007.11.25"]
[SourceVersion "1"]
[SourceVersionDate "2007.11.25"]
[SourceQuality "1"]

1. d4 Nf6 2. c4 c5 3. Nf3 g6 4. Nc3 cxd4 5. Nxd4 Bg7 6. g3 0-0 7. Bg2 Nc6 8. 0-0 Nxd4 9. Qxd4 d6 10. Qe3 Qc7 11. Nd5 Nxd5 12. cxd5 Re8 13. Qb3 b6 14. Bf4 Bb7 15. Rac1 Qd7 16. h4 Rec8 17. Kh2 Rc5 18. Rxc5 bxc5 19. Qc2 Ba6 20. Rb1 Rb8 21. b3 Qb7 22. Rd1 Bb5 23. Bf3 a5 24. h5 Qa6 25. hxg6 hxg6 26. Qe4 Re8 27. a4 Bd7 28. Qc2 Qc8 29. Bd2 Qd8 30. Bc3 Bxc3 31. Qxc3 f6 32. Kg2 Kg7 33. Rh1 Rh8 34. Rxh8 Kxh8 35. Qd3 Kg7 36. Qc3 Qc7 37. Be4 Qb6 38. Qc2 Be8 39. Bd3 Qb4 40. Bc4 Qb6 41. Qe4 Qc7 42. g4 Qb7 43. f3 Qc7 44. Qe3 Qb7 45. Kf2 Qc7 46. Qc3 Qb6 47. Ke3 Qc7 48. Kd2 Qd8 49. Qd3 Qb6 50. Bb5 Bf7 51. Qe4 Qc7 52. Bc6 Qa7 53. Qc4 Kf8 54. Qb5 e6 55. dxe6 Bxe6 56. Qd3 Qc7 57. Bd5 Bf7 58. Qc4 Be8 59. Qf4 Kg7 60. Qe3 Bf7 61. Qd3 Bxd5 62. Qxd5 Qe7 63. Kd3 Qd7 64. Qa8 Qc7 65. e4 f5 66. exf5 gxf5 67. gxf5 Qf7 68. Qxa5 Qxf5+ 69. Kd2 Qxf3 70. Qc7+ Kg8 71. Qxd6 Qxb3 72. Qd8+ Kg7 73. a5 c4 74. Qc7+ Kg8 75. Qd8+ Kg7 76. Qd4+ Kg8 77. Qc5 Qd3+ 78. Kc1 c3 79. Qg5+ 1/2-1/2

[Event "Zalakaros op 23rd"]
[Site "Zalakaros"]
[Date "2004.05.16"]
[Round "3"]
[White "Csiszar, Albert"]
[Black "Marton, Istvan"]
[Result "1/2-1/2"]
[WhiteElo "1902"]
[BlackElo "2096"]
[PlyCount "144"]
[EventDate "2004.05.14"]
[EventType "swiss"]
[EventRounds "9"]
[EventCountry "HUN"]
[SourceTitle "EXT 2008"]
[Source "ChessBase"]
[SourceDate "2007.11.25"]
[SourceVersion "1"]
[SourceVersionDate "2007.11.25"]
[SourceQuality "1"]

1. d4 c6 2. Bf4 d5 3. e3 Bf5 4. Nf3 h6 5. Nbd2 Nf6 6. Be2 e6 7. 0-0 Be7 8. Bxb8 Rxb8 9. Ne5 0-0 10. c3 c5 11. dxc5 Bxc5 12. Nb3 Bb6 13. Nd4 Bh7 14. Qa4 Qd6 15. Ndf3 a6 16. Bd3 Bxd3 17. Nxd3 Bc7 18. Qh4 Ne4 19. Rfd1 Rbe8 20. Nde5 Ng5 21. Qb4 Nxf3+ 22. Nxf3 Qxb4 23. cxb4 Bd6 24. a3 Rc8 25. Rac1 Rfd8 26. Kf1 Kf8 27. h3 Ke7 28. Ke2 Kd7 29. Nd4 Be5 30. Kd3 Kd6 31. Rc3 Bxd4 32. Kxd4 Rxc3 33. bxc3 Rc8 34. Kd3 b5 35. Ra1 h5 36. a4 bxa4 37. Rxa4 Rc6 38. Ra5 e5 39. f3 h4 40. e4 dxe4+ 41. fxe4 f6 42. c4 Ke6 43. b5 axb5 44. cxb5 Rc1 45. Ra7 g5 46. Ra6+ Ke7 47. Ra3 Kd6 48. Ra6+ Ke7 49. Ra2 Kd6 50. Rf2 Kc5 51. b6 Kxb6 52. Rxf6+ Kc5 53. Re6 Rd1+ 54. Ke2 Ra1 55. Rxe5+ Kd4 56. Rd5+ Kxe4 57. Rxg5 Ra2+ 58. Ke1 Ke3 59. Re5+ Kf4 60. Re2 Ra1+ 61. Kf2 Ra3 62. Re8 Ra2+ 63. Kg1 Ra1+ 64. Kf2 Ra4 65. Rg8 Kf5 66. Kg1 Ra1+ 67. Kf2 Ra2+ 68. Ke3 Ra3+ 69. Kd2 Ra2+ 70. Kc3 Re2 71. Rg4 Ra2 72. Kb3 Re2 1/2-1/2

[Event "HUN-chT2 Szechenyi 0304"]
[Site "Hungary"]
[Date "2003.10.05"]
[Round "2"]
[White "Kovacs, Dezso"]
[Black "Marton, Istvan"]
[Result "1/2-1/2"]
[WhiteElo "2119"]
[BlackElo "2108"]
[PlyCount "60"]
[EventDate "2003.09.28"]
[EventType "team-tourn"]
[EventRounds "11"]
[EventCountry "HUN"]
[SourceTitle "EXT 2009"]
[Source "ChessBase"]
[SourceDate "2008.11.26"]
[SourceVersion "1"]
[SourceVersionDate "2008.11.26"]
[SourceQuality "1"]
[WhiteTeam "Lovo"]
[BlackTeam "Nagykanizsa II"]
[WhiteTeamCountry "HUN"]
[BlackTeamCountry "HUN"]

1. c4 Nf6 2. Nc3 g6 3. g3 Bg7 4. Bg2 0-0 5. e4 d6 6. Nge2 e5 7. 0-0 Nc6 8. d3 Ne8 9. Be3 Ne7 10. Qd2 f5 11. Bg5 Nf6 12. Rad1 Rb8 13. d4 exd4 14. Nxd4 fxe4 15. Nxe4 Kh8 16. Rfe1 Neg8 17. Nc3 h6 18. Bxf6 Rxf6 19. Nd5 Rf7 20. Ne6 Bxe6 21. Rxe6 Bf6 22. Nf4 g5 23. Nh5 Qf8 24. Rde1 Be5 25. Bh3 Nf6 26. Nxf6 Rxf6 27. Re2 Rxe6 28. Bxe6 Qf6 29. Bg4 Rf8 30. Bh5 c6 1/2-1/2

[Event "HUN-chT2 Szechenyi 0304"]
[Site "Hungary"]
[Date "2003.09.28"]
[Round "1"]
[White "Abert, Gyula"]
[Black "Marton, Istvan"]
[Result "0-1"]
[WhiteElo "1684"]
[BlackElo "2108"]
[PlyCount "112"]
[EventDate "2003.09.28"]
[EventType "team-tourn"]
[EventRounds "11"]
[EventCountry "HUN"]
[SourceTitle "EXT 2009"]
[Source "ChessBase"]
[SourceDate "2008.11.26"]
[SourceVersion "1"]
[SourceVersionDate "2008.11.26"]
[SourceQuality "1"]
[WhiteTeam "Arboretum"]
[BlackTeam "Nagykanizsa II"]
[WhiteTeamCountry "HUN"]
[BlackTeamCountry "HUN"]

1. d4 Nf6 2. c4 d5 3. Nc3 c6 4. Bg5 Nbd7 5. e3 h6 6. Bh4 dxc4 7. Bxc4 Nb6 8. Bb3 Nbd5 9. Qc2 g5 10. Bg3 Bg7 11. Be5 0-0 12. Nge2 Nb4 13. Qd2 Bf5 14. 0-0 Bg6 15. Ng3 Nbd5 16. Rae1 e6 17. Qd1 Ne8 18. Bxg7 Nxg7 19. f4 gxf4 20. exf4 Qh4 21. Bxd5 exd5 22. f5 Bh5 23. Qc1 Qxd4+ 24. Qe3 Qxe3+ 25. Rxe3 f6 26. Re7 Rf7 27. Rfe1 Kf8 28. R7e6 Bg4 29. Rf1 Nxe6 30. fxe6 Bxe6 31. Nh5 Ke7 32. Ne2 Bg4 33. Nef4 Bxh5 34. Nxh5 Raf8 35. Nf4 Kd7 36. Nd3 b6 37. Rf5 Re8 38. Kf2 Re4 39. a3 Ke6 40. Rh5 Rh7 41. b4 d4 42. Rh3 h5 43. g3 h4 44. Nf4+ Kf5 45. Kg2 c5 46. bxc5 bxc5 47. Nd3 c4 48. Nc5 Re5 49. Na6 c3 50. Nb4 Kg4 51. Rxh4+ Rxh4 52. gxh4 Re2+ 53. Kf1 Rxh2 54. Nd3 Rxh4 55. Ke2 Rh2+ 56. Ke1 Kf3 0-1

[Event "Zalakaros op 22nd"]
[Site "Zalakaros"]
[Date "2003.05.17"]
[Round "2"]
[White "Berczes, David"]
[Black "Marton, Istvan"]
[Result "1-0"]
[WhiteElo "2324"]
[BlackElo "2142"]
[PlyCount "59"]
[EventDate "2003.05.16"]
[EventType "swiss"]
[EventRounds "9"]
[EventCountry "HUN"]
[SourceTitle "EXT 2005"]
[Source "ChessBase"]
[SourceDate "2004.11.15"]
[SourceVersion "1"]
[SourceVersionDate "2004.11.15"]
[SourceQuality "1"]

1. d4 Nf6 2. c4 e6 3. Nf3 b6 4. a3 Bb7 5. Nc3 d5 6. cxd5 Nxd5 7. Qc2 h6 8. e4 Nxc3 9. bxc3 Be7 10. Bd3 0-0 11. 0-0 c5 12. Qe2 Kh7 13. Rd1 cxd4 14. cxd4 Rh8 15. a4 Nd7 16. Bf4 g6 17. Rac1 Rc8 18. Rxc8 Bxc8 19. Rc1 Nf6 20. Bc7 Qe8 21. Bb5 Bd7 22. Ne5 Bxb5 23. axb5 Kg7 24. Nc6 Qd7 25. Be5 Rc8 26. Qf3 g5 27. h3 Kg6 28. Nxe7+ Qxe7 29. Rxc8 Ne8 30. Rxe8 1-0

[Event "Nagykanizsa op"]
[Site "Nagykanizsa"]
[Date "1994.??.??"]
[Round "?"]
[White "Gerencer, Jozef"]
[Black "Marton, Istvan"]
[Result "0-1"]
[WhiteElo "2225"]
[BlackElo "2245"]
[PlyCount "62"]
[EventDate "1994.??.??"]
[EventType "swiss"]
[EventRounds "9"]
[EventCountry "HUN"]
[SourceTitle "EXT 1999"]
[Source "ChessBase"]
[SourceDate "1998.11.16"]
[SourceVersion "1"]
[SourceVersionDate "1998.11.16"]
[SourceQuality "1"]

1. e4 d6 2. d4 Nf6 3. Nc3 g6 4. f4 Bg7 5. Nf3 0-0 6. Bc4 Nc6 7. a4 Bg4 8. Be3 Bxf3 9. Qxf3 e5 10. Ne2 exf4 11. Qxf4 Qe7 12. Bd3 Nb4 13. 0-0 Nxd3 14. cxd3 Nd7 15. Rac1 Rac8 16. Nc3 c6 17. d5 Be5 18. Qf2 c5 19. d4 cxd4 20. Bxd4 a6 21. Rfd1 f5 22. Qd2 fxe4 23. Nxe4 Bxh2+ 24. Kxh2 Qxe4 25. Rxc8 Rxc8 26. Qh6 Ne5 27. Qh3 Ng4+ 28. Kg3 h5 29. Qh4 Rf8 30. Qg5 Kh7 31. Rd2 Qe1+ 0-1

[Event "HUN-chT2 9394"]
[Site "Hungary"]
[Date "1994.??.??"]
[Round "?"]
[White "Kovacs, G."]
[Black "Marton, Istvan"]
[Result "1/2-1/2"]
[WhiteElo "2190"]
[BlackElo "2245"]
[PlyCount "103"]
[EventDate "1993.??.??"]
[EventType "team-tourn"]
[EventRounds "13"]
[EventCountry "HUN"]
[SourceTitle "TD"]
[Source "ChessBase"]
[SourceDate "1994.03.01"]
[SourceVersion "1"]
[SourceVersionDate "1994.03.01"]
[SourceQuality "1"]

1. e4 c5 2. Nf3 e6 3. b3 b6 4. Bb2 Bb7 5. Nc3 Nf6 6. e5 Nd5 7. Nxd5 Bxd5 8. Be2 Be7 9. 0-0 0-0 10. d4 f6 11. c4 Be4 12. Qd2 Qe8 13. exf6 Bxf6 14. Qe3 Qg6 15. Ne1 Nc6 16. Bf3 Bxf3 17. Nxf3 Qc2 18. Bc3 cxd4 19. Nxd4 Nxd4 20. Bxd4 Bxd4 21. Qxd4 Rf7 22. Rfd1 Raf8 23. Rd2 Qf5 24. Re1 Rc8 25. Rd3 Qc5 26. Red1 Qxd4 27. Rxd4 Rc7 28. f3 Kf8 29. Kf2 Ke8 30. Ke3 Rc5 31. a4 Rh5 32. h3 Rg5 33. R1d2 Re5+ 34. Re4 Rxe4+ 35. Kxe4 Rf5 36. g4 Rc5 37. h4 Ke7 38. h5 d6 39. f4 h6 40. Rd3 a6 41. Rd4 e5 42. Rd3 exf4 43. Kxf4 a5 44. Re3+ Kf7 45. Rg3 Re5 46. Rd3 Ke6 47. Rg3 Rg5 48. Re3+ Kf7 49. Rd3 Ke6 50. Re3+ Kf7 51. Rd3 Ke6 52. Re3+ 1/2-1/2

[Event "Zalakaros op 13th"]
[Site "Zalakaros"]
[Date "1994.??.??"]
[Round "5"]
[White "Marton, Istvan"]
[Black "Banas, Jan"]
[Result "0-1"]
[WhiteElo "2245"]
[BlackElo "2390"]
[PlyCount "50"]
[EventDate "1994.??.??"]
[EventType "swiss"]
[EventRounds "9"]
[EventCountry "HUN"]
[SourceTitle "TD"]
[Source "ChessBase"]
[SourceDate "1994.03.01"]
[SourceVersion "1"]
[SourceVersionDate "1994.03.01"]
[SourceQuality "1"]

1. d4 Nf6 2. c4 g6 3. Nc3 d5 4. cxd5 Nxd5 5. e4 Nxc3 6. bxc3 Bg7 7. Bc4 0-0 8. Ne2 c5 9. 0-0 Nc6 10. Be3 Na5 11. Bd3 b6 12. Rc1 e6 13. dxc5 Qc7 14. cxb6 axb6 15. a4 Nc4 16. Bxc4 Qxc4 17. Bxb6 Rxa4 18. f3 Ba6 19. Re1 Rb8 20. Bd4 Rb2 21. Bxg7 Kxg7 22. Nd4 Raa2 23. Rc2 Qxc3 24. Nxe6+ fxe6 25. Qd7+ Kh6 0-1

[Event "Zalakaros op 13th"]
[Site "Zalakaros"]
[Date "1994.??.??"]
[Round "9"]
[White "Marton, Istvan"]
[Black "Dancs, Zsolt"]
[Result "1/2-1/2"]
[WhiteElo "2245"]
[BlackElo "2190"]
[PlyCount "72"]
[EventDate "1994.??.??"]
[EventType "swiss"]
[EventRounds "9"]
[EventCountry "HUN"]
[SourceTitle "TD"]
[Source "ChessBase"]
[SourceDate "1994.03.01"]
[SourceVersion "1"]
[SourceVersionDate "1994.03.01"]
[SourceQuality "1"]

1. d4 Nf6 2. c4 g6 3. Nc3 Bg7 4. e4 d6 5. Nf3 0-0 6. Be2 e5 7. d5 a5 8. a4 Na6 9. Be3 Ng4 10. Bg5 f6 11. Bh4 Qe8 12. h3 Nh6 13. Nd2 f5 14. f3 fxe4 15. fxe4 Nc5 16. Qc2 Bd7 17. Nb5 Bxb5 18. cxb5 Qf7 19. Rf1 Qd7 20. 0-0-0 Rxf1 21. Rxf1 Rf8 22. Rxf8+ Bxf8 23. Bg5 Nf7 24. Bg4 Qe8 25. Be3 b6 26. Bxc5 dxc5 27. Be6 Qd8 28. Nf3 Qf6 29. Qd2 Be7 30. Kd1 Kg7 31. Bxf7 Kxf7 32. Qh6 Kg8 33. Ke2 Bf8 34. Qe3 h6 35. Qc3 Bd6 36. g4 Qf4 1/2-1/2

[Event "HUN-chT2 9394"]
[Site "Hungary"]
[Date "1994.??.??"]
[Round "?"]
[White "Marton, Istvan"]
[Black "Pasztor, Ferenc"]
[Result "0-1"]
[WhiteElo "2245"]
[BlackElo "2250"]
[PlyCount "104"]
[EventDate "1993.??.??"]
[EventType "team-tourn"]
[EventRounds "13"]
[EventCountry "HUN"]
[SourceTitle "TD"]
[Source "ChessBase"]
[SourceDate "1994.03.01"]
[SourceVersion "1"]
[SourceVersionDate "1994.03.01"]
[SourceQuality "1"]

1. e4 g6 2. d4 Bg7 3. g3 d6 4. Bg2 e5 5. Ne2 Nc6 6. dxe5 dxe5 7. Qxd8+ Nxd8 8. Nbc3 Ne6 9. Be3 Nf6 10. h3 h5 11. 0-0-0 h4 12. g4 g5 13. Ng1 Nd7 14. Nf3 f6 15. Bf1 c6 16. Bc4 Nb6 17. Bb3 Bf8 18. a3 Bc5 19. Rhe1 Bxe3+ 20. Rxe3 Ke7 21. Bxe6 Bxe6 22. b3 Nd7 23. Nd2 b5 24. a4 a6 25. Kb2 Nc5 26. axb5 axb5 27. Na2 Na6 28. Nb1 Rhd8 29. Red3 Rxd3 30. Rxd3 Nc5 31. Re3 Rd8 32. Re2 Rd1 33. Nd2 Bd7 34. Nc3 Rh1 35. Re3 Ne6 36. Ne2 c5 37. c4 Bc6 38. cxb5 Bxb5 39. Nc3 Bc6 40. Ne2 Bb7 41. Kc2 Rh2 42. Rf3 Ba6 43. Nc4 Rh1 44. Rc3 Rf1 45. Rf3 Ra1 46. Kb2 Re1 47. Nc3 Bb7 48. Re3 Rf1 49. Re2 Nf4 50. Ne3 Rxf2 51. Ned5+ Kf7 52. Nxf4 Rxf4 0-1

[Event "Zalakaros op 13th"]
[Site "Zalakaros"]
[Date "1994.??.??"]
[Round "3"]
[White "Marton, Istvan"]
[Black "Szep, Attila"]
[Result "1-0"]
[WhiteElo "2245"]
[BlackElo "2035"]
[PlyCount "87"]
[EventDate "1994.??.??"]
[EventType "swiss"]
[EventRounds "9"]
[EventCountry "HUN"]
[SourceTitle "TD"]
[Source "ChessBase"]
[SourceDate "1994.03.01"]
[SourceVersion "1"]
[SourceVersionDate "1994.03.01"]
[SourceQuality "1"]

1. d4 d5 2. c4 e6 3. Nc3 Nf6 4. cxd5 exd5 5. g3 c6 6. Bg2 Bf5 7. Nf3 Nbd7 8. 0-0 Be7 9. Nh4 Be6 10. Qd3 Nb6 11. Nf5 Bf8 12. b3 g6 13. Nh4 Be7 14. Nf3 0-0 15. Ne5 Nbd7 16. Nxd7 Qxd7 17. Bb2 Rad8 18. Rad1 Rfe8 19. f3 Bh3 20. Rd2 Bb4 21. a3 Bf5 22. e4 dxe4 23. fxe4 Nxe4 24. Bxe4 Rxe4 25. axb4 Rxd4 26. Qxd4 Qxd4+ 27. Rxd4 Rxd4 28. Re1 Be6 29. Ne4 Rd8 30. Nc5 Bc8 31. Bf6 Rf8 32. Re7 b6 33. Ne4 Be6 34. Rxa7 Bxb3 35. Rc7 b5 36. Nd6 Bd5 37. Nc8 Re8 38. Ne7+ Kf8 39. Nxd5 cxd5 40. Rd7 Rb8 41. Rxd5 h5 42. Kf2 Kg8 43. Ke3 Kh7 44. Rd8 1-0